000 00738nam a2200241Ia 4500
003 OSt
005 20220127160717.0
008 210716s2006 xx 000 0 und d
020 _a9788178297590
040 _cAIMIT LIBRARY
041 _aeng
082 _a001.43
_21
_bDATB
100 _aOates, Briony J.
_914941
245 _aResearching information systems and computing /
_cBy Briony J Oates
250 _a1st ed.
260 _aNew Delhi :
_bSage Publications ,
_c2006.
300 _axii, 341p ;
_c24.2 cm
650 _aResearch Methodology
_914942
650 _aInternet Research
_914943
650 _aParticipants and Research Ethics
_914944
650 _aReviewing the Literature
_914945
942 _2ddc
_cBK
_e1st
_k001.43 DATB
999 _c205923
_d205923